Visible fictions : cinema: television: video

Αποθηκεύτηκε σε:
Λεπτομέρειες βιβλιογραφικής εγγραφής
Κύριος συγγραφέας: Ellis, John 1952-
Μορφή: Βιβλίο
Γλώσσα:English
Δημοσίευση: London : Routledge, 1992
Έκδοση:Rev. ed.
Θέματα:
Ετικέτες: Προσθήκη ετικέτας
Δεν υπάρχουν, Καταχωρήστε ετικέτα πρώτοι!

MARC

LEADER 00000nam a2200000 i 4500
001 1/101853
008 090226s1992 eng d
020 |a 0-415-07513-0 
035 |l 10103430 
040 |a GR-MY-UA  |b gre  |e aacr 
041 0 |a eng 
082 0 |a 791.43  |2 (22) 
100 1 |a Ellis, John  |d 1952- 
245 1 0 |a Visible fictions :  |b cinema: television: video /  |c John Ellis 
250 |a Rev. ed. 
260 |a London :   |b Routledge,   |c 1992 
300 |a viii, 301 σ.;  |b εικ.;  |c 22 εκ. 
504 |a Βιβλιογραφία: σ. 299-301 
650 0 0 |a Motion pictures. 
650 0 0 |a Television broadcasting. 
852 |a INST  |b LESVOS  |e 20090226  |h 791.43 ELL  |p 005100043990  |q 005100043990  |t BK  |y 0 
901 |a BIBL1-2009-1 
909 |a Λ  |b 154030 
922 |a 1ΕΛΗ  |b 200809  |c ΕΠΕΑΕΚ2/ΠΤΕ  |d ΜΙΧΑΛΟΠΟΥΛΟΣ 
970 |a ΚΑΡΑ  |b ΓΙΑΣΕΜΗ  |z 2009/02/26